[Event "Amateur Tournament (ATO)"]
[Site "https://www.chess.com"]
[Date "2025.07.15"]
[Round "1"]
[White "Ernst, Heinz"]
[Black "Lincke, Paul"]
[Result "1-0"]
[Board "35"]
[WhiteFideId "1303295"]
[BlackFideId "1302507"]
[WhiteElo "1790"]
[BlackElo "1556"]
[WhiteTeam "SUI"]
[BlackTeam "SUI"]
[WhiteClock "0:00:00"]
[BlackClock "0:00:00"]
[Variant "Standard"]

1. d4 {[%clk 0:00:00]}  d5 {[%clk 0:00:00]} 2. c4 {[%clk 0:00:00]}  e6 {[%clk 0:00:00]} 3. Nc3 {[%clk 0:00:00]}  Bb4 {[%clk 0:00:00]} 4. Qc2 {[%clk 0:00:00]}  Nf6 {[%clk 0:00:00]} 5. Bg5 {[%clk 0:00:00]}  Nbd7 {[%clk 0:00:00]} 6. e3 {[%clk 0:00:00]}  c6 {[%clk 0:00:00]} 7. Nf3 {[%clk 0:00:00]}  Bxc3+ {[%clk 0:00:00]} 8. Qxc3 {[%clk 0:00:00]}  Qc7 {[%clk 0:00:00]} 9. Bf4 {[%clk 0:00:00]}  Qd8 {[%clk 0:00:00]} 10. h3 {[%clk 0:00:00]}  Ne4 {[%clk 0:00:00]} 11. Qa3 {[%clk 0:00:00]}  c5 {[%clk 0:00:00]} 12. Bd3 {[%clk 0:00:00]}  Qb6 {[%clk 0:00:00]} 13. O-O {[%clk 0:00:00]}  O-O {[%clk 0:00:00]} 14. Rac1 {[%clk 0:00:00]}  Qb4 {[%clk 0:00:00]} 15. Qxb4 {[%clk 0:00:00]}  cxb4 {[%clk 0:00:00]} 16. Bxe4 {[%clk 0:00:00]}  dxe4 {[%clk 0:00:00]} 17. Nd2 {[%clk 0:00:00]}  f5 {[%clk 0:00:00]} 18. Bd6 {[%clk 0:00:00]}  Rf7 {[%clk 0:00:00]} 19. Bxb4 {[%clk 0:00:00]}  a5 {[%clk 0:00:00]} 20. Bd6 {[%clk 0:00:00]}  b6 {[%clk 0:00:00]} 21. Rc3 {[%clk 0:00:00]}  Ba6 {[%clk 0:00:00]} 22. Rfc1 {[%clk 0:00:00]}  h6 {[%clk 0:00:00]} 23. a4 {[%clk 0:00:00]}  Bb7 {[%clk 0:00:00]} 24. b3 {[%clk 0:00:00]}  Nf6 {[%clk 0:00:00]} 25. R3c2 {[%clk 0:00:00]}  Ne8 {[%clk 0:00:00]} 26. Be5 {[%clk 0:00:00]}  Ba6 {[%clk 0:00:00]} 27. Nb1 {[%clk 0:00:00]}  Rc8 {[%clk 0:00:00]} 28. Nc3 {[%clk 0:00:00]}  Rc6 {[%clk 0:00:00]} 29. d5 {[%clk 0:00:00]}  exd5 {[%clk 0:00:00]} 30. Nxd5 {[%clk 0:00:00]}  Re6 {[%clk 0:00:00]} 31. Bd4 {[%clk 0:00:00]}  Rb7 {[%clk 0:00:00]} 32. Rd2 {[%clk 0:00:00]}  Rb8 {[%clk 0:00:00]} 33. Rcd1 {[%clk 0:00:00]}  Bc8 {[%clk 0:00:00]} 34. Nf4 {[%clk 0:00:00]}  Rd6 {[%clk 0:00:00]} 35. Be5 {[%clk 0:00:00]}  Rxd2 {[%clk 0:00:00]} 36. Rxd2 {[%clk 0:00:00]}  Ra8 {[%clk 0:00:00]} 37. Rd8 {[%clk 0:00:00]}  Kf7 {[%clk 0:00:00]} 38. Nd5 {[%clk 0:00:00]}  Nf6 {[%clk 0:00:00]} 39. Nxb6 {[%clk 0:00:00]}  Ke7 {[%clk 0:00:00]} 40. Bxf6+ {[%clk 0:00:00]}  gxf6 {[%clk 0:00:00]} 41. Rxc8 {[%clk 0:00:00]}  Rxc8 {[%clk 0:00:00]} 42. Nxc8+ {[%clk 0:00:00]} 1-0

[Event "Amateur Tournament (ATO)"]
[Site "https://www.chess.com"]
[Date "2025.07.15"]
[Round "1"]
[White "Egli, Arnold"]
[Black "Ehrsam, Andreas"]
[Result "0-1"]
[Board "36"]
[WhiteFideId "1307436"]
[BlackFideId "1317393"]
[WhiteElo "1549"]
[BlackElo "1774"]
[WhiteTeam "SUI"]
[BlackTeam "SUI"]
[WhiteClock "0:19:15"]
[BlackClock "1:25:14"]
[Variant "Standard"]

1. Nf3 {[%clk 1:30:46]}  d5 {[%clk 1:30:36]} 2. d4 {[%clk 1:30:39]}  Nf6 {[%clk 1:30:15]} 3. e3 {[%clk 1:30:31]}  e6 {[%clk 1:29:00]} 4. c4 {[%clk 1:30:26]}  b6 {[%clk 1:28:59]} 5. a3 {[%clk 1:29:27]}  c5 {[%clk 1:28:35]} 6. Nc3 {[%clk 1:25:04]}  Be7 {[%clk 1:28:29]} 7. cxd5 {[%clk 1:24:09]}  exd5 {[%clk 1:28:04]} 8. Ne5 {[%clk 1:21:52]}  O-O {[%clk 1:28:05]} 9. Qf3 {[%clk 1:16:45]}  Bb7 {[%clk 1:27:59]} 10. Bb5 {[%clk 1:12:30]}  Ne4 {[%clk 1:25:37]} 11. Nxe4 {[%clk 1:07:42]}  dxe4 {[%clk 1:25:47]} 12. Qd1 {[%clk 1:07:17]}  a6 {[%clk 1:24:53]} 13. Ba4 {[%clk 1:05:29]}  b5 {[%clk 1:23:59]} 14. Bc2 {[%clk 1:04:19]}  f6 {[%clk 1:17:35]} 15. Bb3+ {[%clk 0:52:33]}  c4 {[%clk 1:17:50]} 16. Nxc4 {[%clk 0:52:09]}  bxc4 {[%clk 1:18:11]} 17. Bxc4+ {[%clk 0:52:31]}  Bd5 {[%clk 1:16:52]} 18. Qb3 {[%clk 0:49:45]}  Bxc4 {[%clk 1:16:53]} 19. Qxc4+ {[%clk 0:50:12]}  Kh8 {[%clk 1:17:11]} 20. Bd2 {[%clk 0:48:45]}  Qd7 {[%clk 1:12:54]} 21. Bc3 {[%clk 0:45:17]}  Qc6 {[%clk 1:07:59]} 22. Qxc6 {[%clk 0:43:46]}  Nxc6 {[%clk 1:08:27]} 23. O-O-O {[%clk 0:43:38]}  Rfc8 {[%clk 1:08:34]} 24. Kb1 {[%clk 0:43:13]}  Bd6 {[%clk 1:06:50]} 25. h4 {[%clk 0:42:30]}  Ne7 {[%clk 1:06:46]} 26. g4 {[%clk 0:40:12]}  Bxa3 {[%clk 1:03:31]} 27. Ka2 {[%clk 0:34:46]}  Bd6 {[%clk 1:03:30]} 28. g5 {[%clk 0:34:28]}  fxg5 {[%clk 1:01:47]} 29. hxg5 {[%clk 0:34:55]}  Nd5 {[%clk 1:02:06]} 30. Rc1 {[%clk 0:31:49]}  g6 {[%clk 1:00:04]} 31. Rh4 {[%clk 0:30:36]}  Re8 {[%clk 0:58:49]} 32. Rh3 {[%clk 0:25:14]}  Ra7 {[%clk 0:57:37]} 33. Bd2 {[%clk 0:22:21]}  Bb4 {[%clk 0:56:35]} 34. Bxb4 {[%clk 0:20:26]}  Nxb4+ {[%clk 0:56:55]} 35. Ka3 {[%clk 0:20:40]}  Nd3 {[%clk 0:57:08]} 36. Rc6 {[%clk 0:20:17]}  Kg7 {[%clk 0:57:10]} 37. Rf3 {[%clk 0:19:15]}  Kg8 {[%clk 1:25:14]} 0-1

[Event "Amateur Tournament (ATO)"]
[Site "https://www.chess.com"]
[Date "2025.07.15"]
[Round "1"]
[White "Grabe, Eckart"]
[Black "Stroo, Kees"]
[Result "1/2-1/2"]
[Board "37"]
[WhiteFideId "24694576"]
[BlackFideId "1337084"]
[WhiteElo "1774"]
[BlackElo "1544"]
[WhiteTeam "GER"]
[BlackTeam "SUI"]
[WhiteClock "0:12:43"]
[BlackClock "0:26:06"]
[Variant "Standard"]

1. d4 {[%clk 1:29:52]}  f5 {[%clk 1:30:27]} 2. c4 {[%clk 1:29:53]}  Nf6 {[%clk 1:30:36]} 3. Nc3 {[%clk 1:29:52]}  e6 {[%clk 1:30:05]} 4. Nf3 {[%clk 1:28:05]}  Be7 {[%clk 1:29:25]} 5. Bg5 {[%clk 1:24:13]}  O-O {[%clk 1:27:52]} 6. e3 {[%clk 1:22:58]}  d6 {[%clk 1:25:51]} 7. Bd3 {[%clk 1:21:49]}  b6 {[%clk 1:20:05]} 8. O-O {[%clk 1:18:26]}  Qe8 {[%clk 1:17:01]} 9. Nb5 {[%clk 1:09:28]}  Bd8 {[%clk 1:11:59]} 10. Qc2 {[%clk 1:03:07]}  Bb7 {[%clk 1:04:08]} 11. d5 {[%clk 0:47:40]}  e5 {[%clk 1:03:09]} 12. Bxf5 {[%clk 0:46:55]}  e4 {[%clk 0:58:43]} 13. Be6+ {[%clk 0:37:06]}  Kh8 {[%clk 0:58:52]} 14. Bxf6 {[%clk 0:36:07]}  Rxf6 {[%clk 0:56:05]} 15. Qxe4 {[%clk 0:34:51]}  a6 {[%clk 0:52:07]} 16. Ng5 {[%clk 0:33:46]}  g6 {[%clk 0:47:46]} 17. Qh4 {[%clk 0:24:01]}  h5 {[%clk 0:41:35]} 18. Nf7+ {[%clk 0:21:32]}  Rxf7 {[%clk 0:40:35]} 19. Qd4+ {[%clk 0:20:27]}  Rg7 {[%clk 0:38:16]} 20. Nc3 {[%clk 0:18:36]}  Nd7 {[%clk 0:37:49]} 21. Ne2 {[%clk 0:16:38]}  Nc5 {[%clk 0:33:51]} 22. Nf4 {[%clk 0:12:43]}  Kh7 {[%clk 0:26:06]} 1/2-1/2

[Event "Amateur Tournament (ATO)"]
[Site "https://www.chess.com"]
[Date "2025.07.15"]
[Round "1"]
[White "Morgan, Jesus Alberto"]
[Black "Ding, Shirui"]
[Result "0-1"]
[Board "38"]
[WhiteFideId "1339575"]
[BlackFideId "8618445"]
[WhiteElo "1542"]
[BlackElo "1770"]
[WhiteTeam "SUI"]
[BlackTeam "CHN"]
[WhiteClock "0:01:01"]
[BlackClock "0:55:39"]
[Variant "Standard"]

1. e4 {[%clk 1:30:52]}  d5 {[%clk 1:30:51]} 2. exd5 {[%clk 1:30:47]}  Qxd5 {[%clk 1:31:14]} 3. Nc3 {[%clk 1:30:34]}  Qa5 {[%clk 1:31:35]} 4. d4 {[%clk 1:30:35]}  Nf6 {[%clk 1:31:49]} 5. Bd2 {[%clk 1:27:25]}  c6 {[%clk 1:31:52]} 6. Nf3 {[%clk 1:26:44]}  Bf5 {[%clk 1:31:40]} 7. Bc4 {[%clk 1:19:20]}  e6 {[%clk 1:31:52]} 8. a3 {[%clk 1:16:14]}  Nbd7 {[%clk 1:31:52]} 9. O-O {[%clk 1:14:46]}  Qc7 {[%clk 1:31:28]} 10. Re1 {[%clk 1:07:51]}  Bg4 {[%clk 1:29:32]} 11. Ne4 {[%clk 0:52:08]}  Nxe4 {[%clk 1:27:58]} 12. Rxe4 {[%clk 0:51:34]}  Nf6 {[%clk 1:27:50]} 13. Re3 {[%clk 0:47:48]}  Bd6 {[%clk 1:26:36]} 14. g3 {[%clk 0:45:11]}  h5 {[%clk 1:23:20]} 15. Qe1 {[%clk 0:40:08]}  Bxf3 {[%clk 1:13:46]} 16. Rxf3 {[%clk 0:31:43]}  h4 {[%clk 1:12:51]} 17. Bg5 {[%clk 0:23:26]}  hxg3 {[%clk 1:12:24]} 18. hxg3 {[%clk 0:20:34]}  Be7 {[%clk 1:11:23]} 19. Bf4 {[%clk 0:15:22]}  Qb6 {[%clk 1:11:02]} 20. Bxe6 {[%clk 0:14:20]}  fxe6 {[%clk 1:02:29]} 21. Qxe6 {[%clk 0:13:34]}  c5 {[%clk 1:02:16]} 22. Re1 {[%clk 0:11:15]}  Qxe6 {[%clk 1:00:59]} 23. Rxe6 {[%clk 0:11:41]}  Kf7 {[%clk 1:01:12]} 24. Re2 {[%clk 0:09:27]}  cxd4 {[%clk 1:01:12]} 25. Be5 {[%clk 0:09:48]}  Rad8 {[%clk 1:00:53]} 26. g4 {[%clk 0:10:01]}  Rh4 {[%clk 0:59:28]} 27. g5 {[%clk 0:07:11]}  Rg4+ {[%clk 0:59:46]} 28. Kf1 {[%clk 0:02:56]}  Rxg5 {[%clk 0:59:57]} 29. Bf4 {[%clk 0:01:36]}  Rb5 {[%clk 0:59:47]} 30. b4 {[%clk 0:01:09]}  Rd7 {[%clk 0:58:49]} 31. c3 {[%clk 0:01:01]}  Rf5 {[%clk 0:55:39]} 0-1

[Event "Amateur Tournament (ATO)"]
[Site "https://www.chess.com"]
[Date "2025.07.15"]
[Round "1"]
[White "Bachmann, Daniel"]
[Black "Nuh Nizar Hilmi"]
[Result "0-1"]
[Board "39"]
[WhiteFideId "1357492"]
[BlackFideId "48754498"]
[WhiteElo "1766"]
[BlackElo "1521"]
[WhiteTeam "SUI"]
[BlackTeam "IND"]
[WhiteClock "0:14:45"]
[BlackClock "0:23:15"]
[Variant "Standard"]

1. e4 {[%clk 1:25:54]}  c5 {[%clk 1:27:20]} 2. c3 {[%clk 1:26:07]}  Nf6 {[%clk 1:26:44]} 3. e5 {[%clk 1:25:32]}  Nd5 {[%clk 1:23:29]} 4. Nf3 {[%clk 1:25:43]}  Nc6 {[%clk 1:21:02]} 5. Na3 {[%clk 1:25:56]}  d6 {[%clk 1:15:25]} 6. Nc4 {[%clk 1:24:18]}  Bg4 {[%clk 1:12:22]} 7. exd6 {[%clk 1:23:50]}  e6 {[%clk 1:04:09]} 8. Qb3 {[%clk 1:14:29]}  Rb8 {[%clk 0:50:56]} 9. d7+ {[%clk 1:14:22]}  Ke7 {[%clk 0:47:29]} 10. Nfe5 {[%clk 1:14:21]}  Nxe5 {[%clk 0:46:29]} 11. Nxe5 {[%clk 1:14:46]}  Bf5 {[%clk 0:44:24]} 12. d4 {[%clk 1:14:36]}  Qc7 {[%clk 0:42:34]} 13. c4 {[%clk 1:09:36]}  cxd4 {[%clk 0:36:30]} 14. Bg5+ {[%clk 1:00:11]}  f6 {[%clk 0:32:17]} 15. Qa3+ {[%clk 0:54:30]}  Kd8 {[%clk 0:30:46]} 16. Nf7+ {[%clk 0:38:45]}  Kxd7 {[%clk 0:30:55]} 17. Qa4+ {[%clk 0:35:58]}  b5 {[%clk 0:30:14]} 18. cxb5 {[%clk 0:35:37]}  Bb4+ {[%clk 0:28:33]} 19. Bd2 {[%clk 0:33:38]}  Bxd2+ {[%clk 0:27:10]} 20. Kxd2 {[%clk 0:34:06]}  Qf4+ {[%clk 0:25:19]} 21. Ke1 {[%clk 0:33:32]}  Rhc8 {[%clk 0:23:15]} 22. b6+ {[%clk 0:14:45]} 0-1

[Event "Amateur Tournament (ATO)"]
[Site "https://www.chess.com"]
[Date "2025.07.15"]
[Round "1"]
[White "Archit Saigal"]
[Black "Eigenmann, Walter"]
[Result "0-1"]
[Board "40"]
[WhiteFideId "46631291"]
[BlackFideId "1324632"]
[WhiteElo "1494"]
[BlackElo "1764"]
[WhiteTeam "IND"]
[BlackTeam "SUI"]
[WhiteClock "0:00:33"]
[BlackClock "0:18:53"]
[Variant "Standard"]

1. e4 {[%clk 1:22:52]}  e5 {[%clk 1:31:01]} 2. Nf3 {[%clk 1:03:52]}  Nc6 {[%clk 1:19:43]} 3. Bb5 {[%clk 1:03:52]}  Bc5 {[%clk 1:19:43]} 4. c3 {[%clk 1:03:52]}  Nge7 {[%clk 1:19:43]} 5. O-O {[%clk 1:03:52]}  O-O {[%clk 1:19:43]} 6. d4 {[%clk 1:03:52]}  exd4 {[%clk 1:19:43]} 7. cxd4 {[%clk 1:03:52]}  Bb6 {[%clk 1:19:43]} 8. d5 {[%clk 1:03:52]}  Nb8 {[%clk 1:12:29]} 9. Ba4 {[%clk 0:52:16]}  d6 {[%clk 1:09:46]} 10. h3 {[%clk 0:48:29]}  Nd7 {[%clk 1:08:44]} 11. Re1 {[%clk 0:46:05]}  Ng6 {[%clk 1:05:32]} 12. Bg5 {[%clk 0:40:58]}  f6 {[%clk 1:04:44]} 13. Be3 {[%clk 0:40:00]}  Nde5 {[%clk 0:59:19]} 14. Nc3 {[%clk 0:34:39]}  Nxf3+ {[%clk 0:51:30]} 15. Qxf3 {[%clk 0:34:33]}  f5 {[%clk 0:45:50]} 16. Bxb6 {[%clk 0:18:20]}  axb6 {[%clk 0:44:39]} 17. Bc2 {[%clk 0:16:42]}  Ne5 {[%clk 0:38:35]} 18. Qd1 {[%clk 0:10:41]}  f4 {[%clk 0:38:19]} 19. f3 {[%clk 0:06:06]}  Bxh3 {[%clk 0:29:41]} 20. gxh3 {[%clk 0:04:52]}  Qh4 {[%clk 0:27:22]} 21. Qe2 {[%clk 0:01:50]}  Rf6 {[%clk 0:23:43]} 22. Kf1 {[%clk 0:01:17]}  Rg6 {[%clk 0:22:37]} 23. Qf2 {[%clk 0:00:33]}  Qxh3+ {[%clk 0:22:41]} 24. Ke2 {[%clk 0:00:45]}  Rg2 {[%clk 0:22:57]} 25. Rf1 {[%clk 0:00:34]}  Qxf3+ {[%clk 0:22:40]} 26. Ke1 {[%clk 0:00:55]}  Rxf2 {[%clk 0:22:41]} 27. Rxf2 {[%clk 0:01:13]}  Qe3+ {[%clk 0:21:39]} 28. Kf1 {[%clk 0:00:34]}  Ng4 {[%clk 0:19:57]} 29. Re2 {[%clk 0:00:33]}  Qh3+ {[%clk 0:18:37]} 30. Kg1 {[%clk 0:00:34]}  f3 {[%clk 0:18:22]} 31. Rd2 {[%clk 0:00:34]}  f2+ {[%clk 0:18:20]} 32. Rxf2 {[%clk 0:00:54]}  Nxf2 {[%clk 0:18:39]} 33. Kxf2 {[%clk 0:00:33]}  Qh2+ {[%clk 0:18:53]} 0-1

[Event "Amateur Tournament (ATO)"]
[Site "https://www.chess.com"]
[Date "2025.07.15"]
[Round "1"]
[White "Pantillon, Patrick Andre"]
[Black "Reithmayer, Angela"]
[Result "1-0"]
[Board "41"]
[WhiteFideId "1313266"]
[BlackFideId "1357891"]
[WhiteElo "1764"]
[BlackElo "1489"]
[WhiteTeam "SUI"]
[BlackTeam "SUI"]
[WhiteClock "1:22:15"]
[BlackClock "1:21:58"]
[Variant "Standard"]

1. Nc3 {[%clk 1:30:48]}  e6 {[%clk 1:29:40]} 2. e4 {[%clk 1:30:08]}  d5 {[%clk 1:28:50]} 3. Nf3 {[%clk 1:29:05]}  d4 {[%clk 1:27:27]} 4. Ne2 {[%clk 1:28:58]}  Nc6 {[%clk 1:27:19]} 5. Ng3 {[%clk 1:28:53]}  e5 {[%clk 1:27:08]} 6. Bb5 {[%clk 1:26:21]}  a6 {[%clk 1:26:12]} 7. Bxc6+ {[%clk 1:26:14]}  bxc6 {[%clk 1:26:00]} 8. Nxe5 {[%clk 1:24:43]}  Nf6 {[%clk 1:25:35]} 9. d3 {[%clk 1:23:06]}  Bb4+ {[%clk 1:24:00]} 10. Bd2 {[%clk 1:22:15]}  Bxd2+ {[%clk 1:21:58]} 1-0

[Event "Amateur Tournament (ATO)"]
[Site "https://www.chess.com"]
[Date "2025.07.15"]
[Round "1"]
[White "Gueldenapfel, Thomas"]
[Black "Avilova, Yulia"]
[Result "0-1"]
[Board "42"]
[WhiteFideId "1320696"]
[BlackFideId "34166073"]
[WhiteElo "1489"]
[BlackElo "1762"]
[WhiteTeam "SUI"]
[BlackTeam "SUI"]
[WhiteClock "1:30:19"]
[BlackClock "1:13:33"]
[Variant "Standard"]

1. d4 {[%clk 1:27:08]}  d5 {[%clk 1:30:56]} 2. c4 {[%clk 1:27:28]}  e6 {[%clk 1:31:20]} 3. e3 {[%clk 1:27:50]}  Nf6 {[%clk 1:31:29]} 4. Nc3 {[%clk 1:28:09]}  c5 {[%clk 1:31:39]} 5. Nf3 {[%clk 1:28:25]}  cxd4 {[%clk 1:31:42]} 6. exd4 {[%clk 1:28:43]}  Nc6 {[%clk 1:31:55]} 7. a3 {[%clk 1:28:59]}  a6 {[%clk 1:30:52]} 8. Bg5 {[%clk 1:29:19]}  Be7 {[%clk 1:30:38]} 9. Bd3 {[%clk 1:29:39]}  dxc4 {[%clk 1:30:21]} 10. Bxc4 {[%clk 1:29:57]}  b5 {[%clk 1:30:42]} 11. Ba2 {[%clk 1:30:13]}  Bb7 {[%clk 1:30:42]} 12. O-O {[%clk 1:30:27]}  O-O {[%clk 1:28:55]} 13. h3 {[%clk 1:30:50]}  b4 {[%clk 1:24:48]} 14. axb4 {[%clk 1:31:02]}  Nxb4 {[%clk 1:24:51]} 15. Re1 {[%clk 1:30:13]}  Bxf3 {[%clk 1:24:07]} 16. gxf3 {[%clk 1:30:24]}  Nh5 {[%clk 1:21:45]} 17. Be3 {[%clk 1:30:30]}  Bg5 {[%clk 1:21:30]} 18. Kh2 {[%clk 1:30:43]}  Qd6+ {[%clk 1:13:51]} 19. Kg2 {[%clk 1:30:27]}  Bxe3 {[%clk 1:13:10]} 20. fxe3 {[%clk 1:30:29]}  Qg3+ {[%clk 1:13:23]} 21. Kf1 {[%clk 1:30:42]}  Qxh3+ {[%clk 1:13:35]} 22. Kg1 {[%clk 1:30:52]}  Qg3+ {[%clk 1:13:12]} 23. Kf1 {[%clk 1:30:39]}  Qh2 {[%clk 1:13:11]} 24. Re2 {[%clk 1:30:39]}  Ng3+ {[%clk 1:13:00]} 25. Ke1 {[%clk 1:29:26]}  Nxe2 {[%clk 1:13:00]} 26. Nxe2 {[%clk 1:29:26]}  Rfc8 {[%clk 1:12:47]} 27. Nc3 {[%clk 1:29:26]}  Qxb2 {[%clk 1:12:26]} 28. Rc1 {[%clk 1:29:32]}  Qxc1 {[%clk 1:12:18]} 29. Qxc1 {[%clk 1:29:41]}  Nd3+ {[%clk 1:12:45]} 30. Kd2 {[%clk 1:29:57]}  Nxc1 {[%clk 1:13:07]} 31. Kxc1 {[%clk 1:30:19]}  Rxc3+ {[%clk 1:13:33]} 0-1

[Event "Amateur Tournament (ATO)"]
[Site "https://www.chess.com"]
[Date "2025.07.15"]
[Round "1"]
[White "Brand, Thomas"]
[Black "Balsiger, Matthias"]
[Result "1/2-1/2"]
[Board "44"]
[WhiteFideId "34641009"]
[BlackFideId "1320653"]
[WhiteElo "1464"]
[BlackElo "1748"]
[WhiteTeam "GER"]
[BlackTeam "SUI"]
[WhiteClock "0:33:13"]
[BlackClock "0:47:15"]
[Variant "Standard"]

1. d4 {[%clk 1:30:48]}  d5 {[%clk 1:30:45]} 2. c4 {[%clk 1:31:08]}  e6 {[%clk 1:30:59]} 3. Nc3 {[%clk 1:31:18]}  Nf6 {[%clk 1:30:55]} 4. Bg5 {[%clk 1:31:32]}  Be7 {[%clk 1:30:36]} 5. e3 {[%clk 1:31:41]}  O-O {[%clk 1:30:18]} 6. Bd3 {[%clk 1:31:48]}  Nbd7 {[%clk 1:28:06]} 7. Nge2 {[%clk 1:30:02]}  c6 {[%clk 1:27:36]} 8. O-O {[%clk 1:29:04]}  Qc7 {[%clk 1:20:03]} 9. Bf4 {[%clk 1:26:28]}  e5 {[%clk 1:15:27]} 10. Bg3 {[%clk 1:23:33]}  Nh5 {[%clk 1:12:12]} 11. Rc1 {[%clk 1:21:00]}  Nxg3 {[%clk 1:11:27]} 12. Nxg3 {[%clk 1:21:27]}  e4 {[%clk 1:10:46]} 13. Be2 {[%clk 1:20:23]}  Qa5 {[%clk 1:06:19]} 14. cxd5 {[%clk 1:14:53]}  cxd5 {[%clk 1:06:07]} 15. a3 {[%clk 1:11:50]}  Nf6 {[%clk 1:05:17]} 16. Qb3 {[%clk 1:04:44]}  Qd8 {[%clk 1:01:11]} 17. Nh5 {[%clk 1:01:49]}  Nxh5 {[%clk 0:58:05]} 18. Bxh5 {[%clk 1:02:03]}  Be6 {[%clk 0:57:57]} 19. Rc2 {[%clk 0:56:35]}  Qd7 {[%clk 0:54:20]} 20. Be2 {[%clk 0:54:23]}  a6 {[%clk 0:53:56]} 21. Na4 {[%clk 0:51:26]}  Rab8 {[%clk 0:53:26]} 22. Nb6 {[%clk 0:47:34]}  Qd6 {[%clk 0:52:24]} 23. Rc5 {[%clk 0:43:18]}  Rfd8 {[%clk 0:46:52]} 24. f3 {[%clk 0:37:45]}  f5 {[%clk 0:46:17]} 25. Na4 {[%clk 0:32:59]}  b5 {[%clk 0:45:15]} 26. Nc3 {[%clk 0:33:17]}  Rbc8 {[%clk 0:44:58]} 27. Rxc8 {[%clk 0:28:02]}  Rxc8 {[%clk 0:45:10]} 28. a4 {[%clk 0:27:26]}  b4 {[%clk 0:39:48]} 29. Na2 {[%clk 0:21:46]}  a5 {[%clk 0:34:34]} 30. Rc1 {[%clk 0:21:10]}  Rxc1+ {[%clk 0:33:52]} 31. Nxc1 {[%clk 0:21:38]}  Bd8 {[%clk 0:29:34]} 32. f4 {[%clk 0:20:01]}  g6 {[%clk 0:28:01]} 33. Qc2 {[%clk 0:18:57]}  h5 {[%clk 0:21:51]} 34. Nb3 {[%clk 0:17:59]}  Bb6 {[%clk 0:21:51]} 35. Nc5 {[%clk 0:16:53]}  Bxc5 {[%clk 0:20:47]} 36. Qxc5 {[%clk 0:16:46]}  Qxc5 {[%clk 0:20:49]} 37. dxc5 {[%clk 0:17:05]}  Bc8 {[%clk 0:20:52]} 38. Kf2 {[%clk 0:14:43]}  Kf7 {[%clk 0:20:31]} 39. h4 {[%clk 0:13:29]}  Ke6 {[%clk 0:20:20]} 40. g3 {[%clk 0:42:38]}  Ke7 {[%clk 0:50:14]} 41. Bb5 {[%clk 0:41:15]}  Be6 {[%clk 0:48:02]} 42. Ke2 {[%clk 0:40:15]}  Kd8 {[%clk 0:46:51]} 43. Bc6 {[%clk 0:37:58]}  Bf7 {[%clk 0:47:06]} 44. Bb5 {[%clk 0:34:38]}  Kc7 {[%clk 0:47:15]} 45. Kd2 {[%clk 0:33:13]} 1/2-1/2

[Event "Amateur Tournament (ATO)"]
[Site "https://www.chess.com"]
[Date "2025.07.15"]
[Round "1"]
[White "Kopp, Guenter"]
[Black "Srirasa, Srisaaru"]
[Result "1-0"]
[Board "45"]
[WhiteFideId "1322974"]
[BlackFideId "1374036"]
[WhiteElo "1747"]
[BlackElo "1400"]
[WhiteTeam "SUI"]
[BlackTeam "SUI"]
[WhiteClock "0:32:00"]
[BlackClock "0:00:44"]
[Variant "Standard"]

1. c4 {[%clk 1:30:48]}  e5 {[%clk 1:30:34]} 2. Nc3 {[%clk 1:29:56]}  Nf6 {[%clk 1:29:08]} 3. g3 {[%clk 1:29:37]}  Nc6 {[%clk 1:27:40]} 4. Bg2 {[%clk 1:29:11]}  Bc5 {[%clk 1:25:34]} 5. e3 {[%clk 1:28:38]}  a6 {[%clk 1:19:35]} 6. Nge2 {[%clk 1:28:05]}  d6 {[%clk 1:16:55]} 7. a3 {[%clk 1:25:01]}  O-O {[%clk 1:13:51]} 8. b4 {[%clk 1:24:34]}  Ba7 {[%clk 1:13:51]} 9. d4 {[%clk 1:23:14]}  Re8 {[%clk 1:04:39]} 10. O-O {[%clk 1:22:02]}  Rb8 {[%clk 0:52:11]} 11. Bb2 {[%clk 1:19:39]}  Bf5 {[%clk 0:48:27]} 12. Rc1 {[%clk 1:13:19]}  Ne7 {[%clk 0:41:12]} 13. c5 {[%clk 1:11:51]}  e4 {[%clk 0:29:30]} 14. cxd6 {[%clk 1:09:38]}  cxd6 {[%clk 0:28:38]} 15. Nf4 {[%clk 1:03:23]}  d5 {[%clk 0:23:20]} 16. f3 {[%clk 0:59:54]}  Ng6 {[%clk 0:17:00]} 17. Nxg6 {[%clk 0:53:45]}  Bxg6 {[%clk 0:17:14]} 18. f4 {[%clk 0:54:00]}  Bh5 {[%clk 0:16:49]} 19. Qd2 {[%clk 0:49:34]}  Qd7 {[%clk 0:16:27]} 20. h3 {[%clk 0:49:34]}  h6 {[%clk 0:15:17]} 21. g4 {[%clk 0:48:42]}  Bg6 {[%clk 0:14:33]} 22. Qf2 {[%clk 0:45:33]}  Re7 {[%clk 0:11:40]} 23. Ne2 {[%clk 0:43:13]}  Ne8 {[%clk 0:09:53]} 24. f5 {[%clk 0:40:59]}  Bh7 {[%clk 0:10:18]} 25. h4 {[%clk 0:39:15]}  f6 {[%clk 0:06:49]} 26. Nf4 {[%clk 0:37:13]}  g5 {[%clk 0:06:43]} 27. fxg6 {[%clk 0:36:57]}  Bxg6 {[%clk 0:04:57]} 28. Nxg6 {[%clk 0:37:19]}  Rg7 {[%clk 0:05:08]} 29. h5 {[%clk 0:34:18]}  Qf7 {[%clk 0:02:07]} 30. Ne5 {[%clk 0:32:00]}  Kh7 {[%clk 0:00:44]} 1-0

[Event "Amateur Tournament (ATO)"]
[Site "https://www.chess.com"]
[Date "2025.07.15"]
[Round "1"]
[White "Lesniak, Julien"]
[Black "Steiner, Philippe"]
[Result "1-0"]
[Board "47"]
[WhiteFideId "1303074"]
[BlackFideId "1312340"]
[WhiteElo "1741"]
[BlackElo "1864"]
[WhiteTeam "SUI"]
[BlackTeam "SUI"]
[WhiteClock "0:00:00"]
[BlackClock "0:00:00"]
[Variant "Standard"]

1. e4 {[%clk 0:00:00]}  e5 {[%clk 0:00:00]} 2. Nf3 {[%clk 0:00:00]}  Nc6 {[%clk 0:00:00]} 3. d4 {[%clk 0:00:00]}  exd4 {[%clk 0:00:00]} 4. Nxd4 {[%clk 0:00:00]}  Bc5 {[%clk 0:00:00]} 5. Be3 {[%clk 0:00:00]}  Qf6 {[%clk 0:00:00]} 6. c3 {[%clk 0:00:00]}  Nge7 {[%clk 0:00:00]} 7. g3 {[%clk 0:00:00]}  O-O {[%clk 0:00:00]} 8. Bg2 {[%clk 0:00:00]}  Nxd4 {[%clk 0:00:00]} 9. Bxd4 {[%clk 0:00:00]}  Bxd4 {[%clk 0:00:00]} 10. cxd4 {[%clk 0:00:00]}  d6 {[%clk 0:00:00]} 11. Nc3 {[%clk 0:00:00]}  c6 {[%clk 0:00:00]} 12. O-O {[%clk 0:00:00]}  Ng6 {[%clk 0:00:00]} 13. f4 {[%clk 0:00:00]}  Qd8 {[%clk 0:00:00]} 14. f5 {[%clk 0:00:00]}  Ne7 {[%clk 0:00:00]} 15. f6 {[%clk 0:00:00]}  gxf6 {[%clk 0:00:00]} 16. Rxf6 {[%clk 0:00:00]}  Ng6 {[%clk 0:00:00]} 17. Qf3 {[%clk 0:00:00]}  Be6 {[%clk 0:00:00]} 18. h4 {[%clk 0:00:00]}  h5 {[%clk 0:00:00]} 19. Rf1 {[%clk 0:00:00]}  Bg4 {[%clk 0:00:00]} 20. Qe3 {[%clk 0:00:00]}  Kg7 {[%clk 0:00:00]} 21. Qg5 {[%clk 0:00:00]}  a5 {[%clk 0:00:00]} 22. a4 {[%clk 0:00:00]}  Qb6 {[%clk 0:00:00]} 23. Rxd6 {[%clk 0:00:00]}  Qxb2 {[%clk 0:00:00]} 24. Qf6+ {[%clk 0:00:00]}  Kg8 {[%clk 0:00:00]} 25. d5 {[%clk 0:00:00]}  cxd5 {[%clk 0:00:00]} 26. Rb6 {[%clk 0:00:00]} 1-0